000 00737nam a22002177a 4500
003 UA-OsUOA
001 70630
007 ta
008 20100908b un ||||| |||| 00| 0 ukr d
100 _aБровкина Ю.Ю.
090 _a659
_bБ88
942 _cSA
040 _aUA-OsUOA
_bukr
_cUA-OsUOA
_dUA-OsUOA
245 _aБренд-комуникация как социально-психологический феномен
300 _aС.6-9
955 _a0
041 _aukr
080 _a659
773 0 _w70629
_tPR в образовании
_dМ.
_d2010
_g2
650 7 _a659 Реклама. Система інформації. Громадська інформація та реклама (Паблик-Рилейшнз)
_2UDC
999 _c356903
_d356903